|
|
|
|
| LEADER |
00000nkm a2200000 a 4500 |
| 001 |
vtls011886940 |
| 003 |
SK-MaSNL |
| 005 |
20260512122547.0 |
| 007 |
kp ao |
| 008 |
240703q1928 xo g kuslo |
| 015 |
|
|
|a SNBG1928
|
| 035 |
|
|
|a urn:nbn:sk:snk-km00ehio
|
| 035 |
|
|
|a urn:nbn:sk:snk-km45xyf
|
| 035 |
|
|
|a 08E9296D-C04F-4706-A0C4-B3B1DB65B903
|
| 040 |
|
|
|a SNK
|b slo
|c SNK
|e AACR2
|
| 041 |
0 |
|
|a slo
|
| 043 |
|
|
|a e-xo---
|
| 044 |
|
|
|a xo
|c SK
|
| 072 |
|
7 |
|a 908(437)
|x Vlastiveda Česka a Slovenska
|2 konspekt
|
| 080 |
|
|
|a 908(437.6)
|2 2011
|
| 080 |
|
|
|a 725.945
|2 2011
|
| 080 |
|
|
|a (084.121)
|2 2011
|
| 080 |
|
|
|a 551.24.055
|2 2011
|
| 245 |
0 |
0 |
|a Nitra - Zobor
|h grafika
|b Srúcanina pomníka
|
| 260 |
|
|
|a V Nitre
|b Kníhtlačiarsky úč. spolok, filiálka
|c [1928?]
|
| 300 |
|
|
|a 1 pohľadnica
|b tónovaná do modra
|c 9 x 15 cm
|
| 500 |
|
|
|a Názvové údaje prevzaté z obrazovej časti pohľadnice
|
| 520 |
8 |
|
|a Zobrazenie: Pohľad v bielom orámovaní na vrch Zobora pokrytý nízkymi kríkmi a stromami. V pozadí vidno zrúcaninu miléniového pomníka
|
| 650 |
0 |
7 |
|a pomníky
|2 SNKPH
|9 3013
|
| 650 |
0 |
7 |
|a vrchy a štíty
|2 SNKPH
|9 165131
|
| 651 |
|
7 |
|a Nitra (Slovensko)
|2 SNKPHgeo
|9 15714
|
| 651 |
|
7 |
|a Zobor (Tribeč, Slovensko : vrch)
|2 SNKPHgeo
|9 83955
|
| 655 |
|
7 |
|a geografické pohľadnice
|2 SNKPH
|9 70522
|
| 752 |
|
|
|a Slovensko
|d Nitra
|
| 852 |
|
|
|a Slovenská národná knižnica
|
| 958 |
|
|
|a EUIPO
|
| 958 |
|
|
|a GBN
|
| 958 |
|
|
|a GC
|
| 958 |
|
|
|a OND
|
| 999 |
|
|
|c 609092
|d 611022
|
| 952 |
|
|
|a SNK
|b SNK
|y PREZ
|7 0
|p 17A1382064
|o snkSP 126052
|z Pohľadnica prešla poštou.
|0 0
|1 0
|4 0
|d 2019-09-13
|f 1
|l 0
|r 2026-02-23 16:18:25
|w 2026-02-23
|